000 00352pab a2200157 454500
008 180718b1997 xxu||||| |||| 00| 0 eng d
100 _aSahay, K.B.
245 _aHeading for disaster
260 _c1997
300 _ap.11
362 _a4 Jul
650 _aPopulation - India
650 _aPopulation
773 _aHindustan Times
909 _a35781
999 _c35781
_d35781